| 000 | 00378nam a2200169Ia 4500 | ||
|---|---|---|---|
| 008 | 210210b1933 xxu||||| |||| 00| 0 eng d | ||
| 041 | _aeng | ||
| 082 | _a590/93 | ||
| 100 | _aELTRINGHAM (H) | ||
| 245 | _aSenses of insects | ||
| 260 |
_aLondon _bMethuen & Co Ltd. _c1933 |
||
| 650 | _aSenses | ||
| 650 | _aof | ||
| 650 | _ainsects | ||
| 690 | _aZoology | ||
| 906 | _a010665 | ||
| 999 |
_c138436 _d138436 |
||